书目信息 |
| 题名: |
建筑工程投标估算手册
|
|
| 作者: | 《建设工程投标估算手册》编写组 | |
| 分册: | ||
| 出版信息: | 杭州 浙江科学技术出版社 1994.11 |
|
| 页数: | 865页 | |
| 开本: | 16开 | |
| 丛书名: | ||
| 单 册: | ||
| 中图分类: | ||
| 科图分类: | ||
| 主题词: | 建筑工程--施工组织 , 建筑工程--施工计划 | |
| 电子资源: | ||
| ISBN: | 7-5341-0702-4 | |
| 000 | 00717nam0 2200217 45 | |
| 001 | 9911021084 | |
| 005 | 19991102103159.8 | |
| 010 | @a7-5341-0702-4@d58.00元 | |
| 100 | @a19991102d1994 km y0chiy0120 ea | |
| 101 | @achi | |
| 105 | @a z 000yy | |
| 200 | 1 | @a建筑工程投标估算手册@AJian Zhu Gong Cheng Tou Biao Gu Suan Shou Ce@f《建设工程投标估算手册》编写组@F《Jian She Gong Cheng Tou Biao Gu Suan Shou Ce》Bian Xie Zu |
| 210 | @a杭州@c浙江科学技术出版社@d1994.11 | |
| 215 | @a865页@d16开 | |
| 606 | 0 | @a建筑工程@x施工组织 |
| 606 | 0 | @a建筑工程@x施工计划 |
| 690 | @v3 | |
| 690 | @aTU723-62 | |
| 701 | @a《建设工程投标估算手册》编写组 | |
| 801 | @aCN@bPFTUser@c19991102 | |
| 905 | @f2@b42173-174@dTU723-62@eY477 | |
| 建筑工程投标估算手册/《建设工程投标估算手册》编写组.-杭州:浙江科学技术出版社,1994.11 |
| 865页;16开 |
| ISBN 7-5341-0702-4:58.00元 |
| ● |
| 相关链接 |
|
|
|
正题名:建筑工程投标估算手册
索取号:TU723-62/Y477
 
预约/预借
| 序号 | 登录号 | 条形码 | 馆藏地/架位号 | 状态 | 备注 |
| 1 | 42173 | 200421739 | 自科二线404/404自科库 26排5列1层/ [索取号:TU723-62/Y477] | 在馆 | |
| 2 | 42174 | 200421748 | 建筑库201/201建筑库 32排2列1层/ [索取号:TU723-62/Y477] | 在馆 |